Most Spoken Non-English Languages in California - Statistics

General Stats
  • This quiz has been taken 37 times
  • The average score is 8 of 10
Answer Stats
Number of Speakers Language % Correct
4.5 million Spanish
100%
611k Chinese
94%
63k Japanese
94%
219k Korean
89%
73k Russian
86%
62.5k Arabic
83%
317k Vietnamese
83%
260k Tagalog
74%
75k Farsi
66%
95k Armenian
46%
No matching quizzes found
Score Distribution
Percent of People with Each Score
Percentile by Number Answered
Your Score History
You have not taken this quiz